Biogeographical and ecological factors affecting the altitudinal variation of mountainous communities of coprophagous beetles (Coleoptera: Scarabaeoidea) (Registro nro. 13040)

Detalles MARC
000 -CABECERA
Campo de control 007160000a22001810004500
090 ## - CLASIFICACIÓN LOCAL
Colección AR
Consecutivo 04007
041 0# - IDIOMA
Código de idioma para texto/pista de sonido o título separado
100 1# - ASIENTO PRINCIPAL--NOMBRE PERSONAL
Nombre personal Lobo, Jorge M.
245 10 - MENCION DE TITULO
Título Biogeographical and ecological factors affecting the altitudinal variation of mountainous communities of coprophagous beetles (Coleoptera: Scarabaeoidea)
Version a comparative study
500 ## - NOTA GENERAL
Nota general <Charlas sobre biodiversidad del Dr. Halffter>
650 14 - ASIENTO SECUNDARIO DE MATERIA - TERMINO TEMATICO
Término temático o nombre geográfico como elemento de entrada Entomología
650 14 - ASIENTO SECUNDARIO DE MATERIA - TERMINO TEMATICO
Término temático o nombre geográfico como elemento de entrada Biogeografía
650 14 - ASIENTO SECUNDARIO DE MATERIA - TERMINO TEMATICO
Término temático o nombre geográfico como elemento de entrada Distribución altitudinal
650 14 - ASIENTO SECUNDARIO DE MATERIA - TERMINO TEMATICO
Término temático o nombre geográfico como elemento de entrada Ecología de montañas
700 1# - ASIENTO SECUNDARIO - NOMBRE PERSONAL
Nombre personal Halffter, Gonzalo
773 1# - Item fuente:
Título Annals of the Entomological Society of American.
Descripción física 1
Paginas del Articulo 116-125
Lugar, editorial y fecha de publicación 2000
Información sobre la relación 93
942 ## - ELEMENTOS ADICIONALES (KOHA)
Tipo de ítem Artículo
Existencias
Withdrawn status Lost status Damaged status No para préstamo Colección Ubicación Permanente Ubicación actual Fecha de adquisición Fuente de Valor Datos de publicación Seriada Total Checkouts Número topográfico Inventario / Código de Barras Date last seen Ejemplar Price effective from Forma de adquisición Tipo de material
      No para Préstamo Hemeroteca Bogotá Bogotá 01/08/2005 Halffter, Gonzalo Fuera de circulación   AR 04007 017574 25/03/2015 1 25/03/2015   Artículo
      No para Préstamo Hemeroteca Bogotá Bogotá 27/02/2015 Alvarez, Mauricio Fuera de circulación   AR 04007 019589 25/03/2015 2 25/03/2015   Artículo